[Event "Arvier Grand Paradis op"]
[Site "Arvier"]
[Date "2014.07.26"]
[Round "8"]
[White "Siviero, Mattia"]
[Black "Naumkin, Igor"]
[Result "0-1"]
[WhiteElo "1705"]
[BlackElo "2445"]
[PlyCount "66"]
[EventDate "2014.07.19"]
[EventType "swiss"]
[EventRounds "8"]
[EventCountry "ITA"]
[SourceTitle "EXT 2016"]
[Source "ChessBase"]
[SourceDate "2015.10.08"]
[SourceVersion "1"]
[SourceVersionDate "2015.10.08"]
[SourceQuality "1"]

1. d4 Nf6 2. Bf4 e6 3. Nf3 b6 4. e3 Bb7 5. c3 Be7 6. Nbd2 c5 7. Bd3 Nc6 8. h3 0-0 9. 0-0 cxd4 10. exd4 Nd5 11. Bh2 d6 12. Qe2 a6 13. a4 Re8 14. Rfe1 Bf8 15. Qd1 g6 16. Rc1 Bh6 17. Rb1 Nf4 18. Bxf4 Bxf4 19. Be4 f5 20. Bxc6 Bxc6 21. Qb3 Qd7 22. Ra1 b5 23. axb5 axb5 24. Rxa8 Bxa8 25. c4 bxc4 26. Qxc4 Bd5 27. Qb4 Qc7 28. Qc3 Qb7 29. Ra1 Rc8 30. Qd3 Qxb2 31. Rb1 Rc1+ 32. Rxc1 Qxc1+ 33. Nf1 Bc4 0-1

[Event "Arvier Grand Paradis op"]
[Site "Arvier"]
[Date "2014.07.23"]
[Round "5"]
[White "Cullen, Anthony P"]
[Black "Siviero, Mattia"]
[Result "1-0"]
[WhiteElo "2110"]
[BlackElo "1705"]
[PlyCount "35"]
[EventDate "2014.07.19"]
[EventType "swiss"]
[EventRounds "8"]
[EventCountry "ITA"]
[SourceTitle "EXT 2016"]
[Source "ChessBase"]
[SourceDate "2015.10.08"]
[SourceVersion "1"]
[SourceVersionDate "2015.10.08"]
[SourceQuality "1"]

1. Nf3 d5 2. d4 Nf6 3. e3 e6 4. Bd3 c5 5. b3 Nc6 6. Bb2 Bd6 7. 0-0 0-0 8. Ne5 Qc7 9. f4 cxd4 10. exd4 Nb4 11. Ba3 Nxd3 12. Bxd6 Qxd6 13. Qxd3 b6 14. Nd2 Bb7 15. f5 Ne4 16. f6 Nxf6 17. Rxf6 gxf6 18. Qg3+ 1-0

[Event "Arvier Grand Paradis op"]
[Site "Arvier"]
[Date "2014.07.22"]
[Round "4"]
[White "Siviero, Mattia"]
[Black "Piazza, Giacomo"]
[Result "1-0"]
[WhiteElo "1705"]
[BlackElo "1584"]
[PlyCount "64"]
[EventDate "2014.07.19"]
[EventType "swiss"]
[EventRounds "8"]
[EventCountry "ITA"]
[SourceTitle "EXT 2016"]
[Source "ChessBase"]
[SourceDate "2015.10.08"]
[SourceVersion "1"]
[SourceVersionDate "2015.10.08"]
[SourceQuality "1"]

1. d4 c6 2. Nc3 d6 3. e4 Qc7 4. f4 Nf6 5. Nf3 Bg4 6. h3 Bxf3 7. Qxf3 Nbd7 8. Be3 e6 9. Bd3 Be7 10. 0-0-0 a6 11. g4 b5 12. g5 Ng8 13. a3 Qa5 14. e5 d5 15. f5 b4 16. axb4 Bxb4 17. fxe6 fxe6 18. Nb1 Be7 19. c3 Kd8 20. Qf7 Qb6 21. Qxg7 Rb8 22. Rh2 Kc7 23. Qxh8 Nxe5 24. Qxe5+ Bd6 25. Qg7+ Ne7 26. Rc2 a5 27. g6 hxg6 28. Bg5 Kd7 29. Bxe7 Bxe7 30. Rg1 Kd6 31. Qe5+ Kd7 32. Rf2 a4 1-0

[Event "Arvier Grand Paradis op"]
[Site "Arvier"]
[Date "2014.07.20"]
[Round "2"]
[White "Bellia, Mario"]
[Black "Siviero, Mattia"]
[Result "0-1"]
[WhiteElo "1481"]
[BlackElo "1705"]
[PlyCount "44"]
[EventDate "2014.07.19"]
[EventType "swiss"]
[EventRounds "8"]
[EventCountry "ITA"]
[SourceTitle "EXT 2016"]
[Source "ChessBase"]
[SourceDate "2015.10.08"]
[SourceVersion "1"]
[SourceVersionDate "2015.10.08"]
[SourceQuality "1"]

1. Nf3 d5 2. b3 Bg4 3. Ne5 Bf5 4. Bb2 Nf6 5. d4 e6 6. a3 Bd6 7. e3 Nbd7 8. Nd2 h6 9. Be2 c6 10. 0-0 Qc7 11. Ndf3 g5 12. c4 Rg8 13. c5 Bxe5 14. Nxe5 Nxe5 15. dxe5 Nd7 16. g4 Bh7 17. Qd2 0-0-0 18. Rac1 Rdf8 19. f4 gxf4 20. Rxf4 Rg5 21. Rcf1 Nxe5 22. R1f2 Ng6 0-1

[Event "Arvier Grand Paradis op"]
[Site "Arvier"]
[Date "2014.07.19"]
[Round "1"]
[White "Siviero, Mattia"]
[Black "Marguerettaz, Davy"]
[Result "0-1"]
[WhiteElo "1705"]
[BlackElo "2187"]
[PlyCount "68"]
[EventDate "2014.07.19"]
[EventType "swiss"]
[EventRounds "8"]
[EventCountry "ITA"]
[SourceTitle "EXT 2016"]
[Source "ChessBase"]
[SourceDate "2015.10.08"]
[SourceVersion "1"]
[SourceVersionDate "2015.10.08"]
[SourceQuality "1"]

1. d4 d5 2. Bf4 c5 3. e3 cxd4 4. exd4 Nc6 5. c3 Nf6 6. Bd3 Bg4 7. Qb3 Qd7 8. Nd2 e6 9. Ngf3 Bd6 10. Ne5 Bxe5 11. Bxe5 a6 12. Qc2 Rc8 13. a3 Bh5 14. h3 Bg6 15. Bxg6 hxg6 16. Nf3 Nxe5 17. Nxe5 Qd6 18. 0-0 0-0 19. Rfe1 Rc7 20. Re3 Rfc8 21. Rae1 b5 22. Qd3 Qb6 23. g4 a5 24. f3 b4 25. axb4 axb4 26. Rc1 bxc3 27. bxc3 Qb2 28. Rc2 Qa1+ 29. Kg2 Rb8 30. Qd2 Rb1 31. Nd3 Rg1+ 32. Kh2 Rh1+ 33. Kg3 Qg1+ 34. Qg2 Qxe3 0-1

[Event "Stein am Rhein op 2nd"]
[Site "Stein am Rhein"]
[Date "2014.03.02"]
[Round "4"]
[White "Onda, Walter"]
[Black "Siviero, Mattia"]
[Result "1-0"]
[WhiteElo "1894"]
[BlackElo "1689"]
[PlyCount "67"]
[EventDate "2014.02.28"]
[EventType "swiss"]
[EventRounds "5"]
[EventCountry "SUI"]
[SourceTitle "CBM 159 Extra"]
[Source "ChessBase"]
[SourceDate "2014.04.24"]
[SourceVersion "1"]
[SourceVersionDate "2014.04.24"]
[SourceQuality "1"]

1. e4 c6 2. d4 d5 3. f3 Qb6 4. Nc3 e6 5. Nge2 Nf6 6. Rb1 c5 7. e5 Nfd7 8. f4 Nc6 9. Be3 cxd4 10. Nxd4 Bc5 11. Na4 Qa5+ 12. c3 Bxd4 13. Bxd4 Nxd4 14. Qxd4 a6 15. a3 0-0 16. Bd3 b5 17. Nc5 Nxc5 18. Qxc5 Bb7 19. 0-0 Rfd8 20. Qd4 g6 21. g4 Qc7 22. f5 Rdc8 23. fxe6 fxe6 24. Rf6 Qe7 25. Rbf1 Rf8 26. Qb6 Rxf6 27. Rxf6 Re8 28. g5 Bc8 29. Kf2 Rf8 30. Ke3 Rxf6 31. gxf6 Qf8 32. Qc7 Qh6+ 33. Kd4 Qf8 34. h4 1-0